Die Verteilung des deutschen Bodens. (Record no. 37445)

MARC details
000 -LEADER
fixed length control field 00483cam a22001697 4500
001 - CONTROL NUMBER
control field ltf91004524
003 - CONTROL NUMBER IDENTIFIER
control field DLC
005 - DATE AND TIME OF LATEST TRANSACTION
control field 20260227111551.0
008 - FIXED-LENGTH DATA ELEMENTS--GENERAL INFORMATION
fixed length control field 910125q19001958gw 000 0 ger
010 ## - LIBRARY OF CONGRESS CONTROL NUMBER
LC control number ltf91004524
040 ## - CATALOGING SOURCE
Original cataloging agency DLC
Transcribing agency DLC
Modifying agency DLC
050 00 - LIBRARY OF CONGRESS CALL NUMBER
Classification number 4HD 2062
100 1# - MAIN ENTRY--PERSONAL NAME
Personal name Ludowici, Johann Wilhelm,
Dates associated with a name 1896-
245 14 - TITLE STATEMENT
Title Die Verteilung des deutschen Bodens.
Remainder of title [Herausgeber:] Akademie für Landesforschung und Reichsplanung.
260 ## - PUBLICATION, DISTRIBUTION, ETC.
Place of publication, distribution, etc. [Berlin,
Date of publication, distribution, etc. 19 ]
300 ## - PHYSICAL DESCRIPTION
Extent 24 p.

No items available.

Powered by Koha